| 000 | 01374nam0a2200385 4500 | ||
|---|---|---|---|
| 001 | RU\NLR\bibl\338414 | ||
| 005 | 20260406132511.0 | ||
| 010 |
_a5-324-00149-X _97000 |
||
| 021 |
_aRU _b2002-40260 _91956 |
||
| 035 | _a(NLR Aleph) 000333303 | ||
| 090 |
_a170535 _c170535 |
||
| 100 | _a20021104d2002 |||y0rusy50 ca | ||
| 101 | 1 |
_arus _ceng |
|
| 102 | _aRU | ||
| 105 | _aa ||||||||| | ||
| 200 | 1 |
_aНострадамус и III мировая война _fДэвид С. Монтень _g[пер. с англ. Г. А. Крылова] |
|
| 210 |
_aСПб. _cА. В. К. _cА. В. К.-Тимошка _d2002 |
||
| 215 |
_a155, [2] с. _cил. _d21 |
||
| 600 | 1 |
_aНострадамус _bМ. _f1505 - 1566 _gМишель _91561978 _3RU\NLR\auth\66683301 |
|
| 606 | 0 |
_aПророки и пророчества _92048431 _3RU\NLR\auth\66944830 |
|
| 610 | 0 | _aПророчества | |
| 675 |
_a001.94 _v3 _zrus |
||
| 686 |
_a12 _2rugasnti |
||
| 686 |
_a20.1 _2rubbk |
||
| 686 | _aЭ391.224 | ||
| 700 | 1 |
_aМонтень _bД. С. _gДэвид С. _4070 |
|
| 702 | 1 |
_4280 _7ca _8rus _aНострадамус _bМ. _f1503-1566 _gМишель _3RU\NLR\AUTH\771907 _9111924 |
|
| 801 | 0 |
_aRU _bRKP _c20021104 _gPSBO |
|
| 801 | 1 |
_aRU _bRKP _c20021104 |
|
| 801 | 2 |
_aRU _bNLR _c20030213 _grcr |
|
| 942 | _cBOOK | ||
| 980 | _aNB | ||